Information Malaysia ... yearbook.
Сохранить в:
| Формат: | |
|---|---|
| Язык: | Undetermined |
| Опубликовано: |
Kuala Lumpur
Berita Pub
1980
|
| Предметы: | |
| Метки: |
Добавить метку
Нет меток, Требуется 1-ая метка записи!
|
| Thư viện lưu trữ: | Trung tâm Học liệu Trường Đại học Cần Thơ |
|---|
| LEADER | 00431nam a2200169Ia 4500 | ||
|---|---|---|---|
| 001 | CTU_92046 | ||
| 008 | 210402s9999 xx 000 0 und d | ||
| 082 | |a 959.5 | ||
| 082 | |b I.43 | ||
| 245 | 0 | |a Information Malaysia ... yearbook. | |
| 260 | |a Kuala Lumpur | ||
| 260 | |b Berita Pub | ||
| 260 | |c 1980 | ||
| 650 | |a malaysia | ||
| 650 | |x periodicals. | ||
| 904 | |i Năm | ||
| 980 | |a Trung tâm Học liệu Trường Đại học Cần Thơ | ||